ბათუმის შოთა რუსთაველის სახელმწიფო უნივერსიტეტის ბიბლიოთეკა

ესე იტყოდა ზარატუსტრა : (ბიბ.ჩანაწერი № 52965)

000 -ლიდერი
ფიქსირებული სიგრძის საკონტროლო ველი 01482nam a2200289Ia 4500
001 - საკონტროლო ნომერი
საკონტროლო ველი 19996
003 - საკონტროლო ნომრის იდენტიფიკატორი
საკონტროლო ველი GE_BSU
005 - ბოლო ოპერაციის თარიღი და დრო
საკონტროლო ველი 20250317122711.0
008 - ფიქსირებული სიგრძის მონაცემთა ელემენტები - ზოგადი ინფორმაცია
ფიქსირებული სიგრძის საკონტროლო ველი 181216s2015||||ge |||||||||||||| ||geo||
040 ## - კატალოგიზაციის წყარო
Transcribing agency GE_BSU
041 ## - ენის კოდი
Language code of text/sound track or separate title geo
080 ## - უნივერსალური ათობითი კლასიფიკაციის ინდექსი
Universal Decimal Classification number 1(430) ნ–75
100 ## - მთავარი ჩანაწერი - პიროვნების სახელი
Personal name ნიცშე, ფრიდრიხ
9 (RLIN) 5541
245 ## - ცნობა სათაურის შესახებ
Title ესე იტყოდა ზარატუსტრა :
Remainder of title წიგნი ყველასთვის და არავისთვის
Statement of responsibility, etc ნიცშე, ფრიდრიხ ; გერმ. თარგმნ. : ე. ტატიშვილმა.
264 ## - წარმოების, გამოცემის, დისტრიბუციის და სხვა ცნობები
გამოცემის, წარმოების, დისტრიბუციის... ადგილი თბილისი :
გამოცემის, წარმოების, დისტრიბუციის... სახელწოდება საგამომცელმო საზოგადოება "ფილოსოფიური ბიბლიოთეკა".
გამოცემის, წარმოების, დისტრიბუციის... თარიღი 2015.
300 ## - ფიზიკური აღწერა
Extent 307გვ. ;
Other physical details 20 სმ.
504 ## - BIBLIOGRAPHY, ETC. NOTE
Bibliography, etc ბიბლ. : გვ. 307
653 ## - INDEX TERM--UNCONTROLLED
Uncontrolled term გერმანული ფილოსოფია
653 ## - INDEX TERM--UNCONTROLLED
Uncontrolled term მორალი
653 ## - INDEX TERM--UNCONTROLLED
Uncontrolled term ზოროასტრიზმი
653 ## - INDEX TERM--UNCONTROLLED
Uncontrolled term კულტურა
653 ## - INDEX TERM--UNCONTROLLED
Uncontrolled term ადამიანის ფილოსოფიური საკითხები
653 ## - INDEX TERM--UNCONTROLLED
Uncontrolled term ესე იტყოდა ზარატუსტრა
653 ## - INDEX TERM--UNCONTROLLED
Uncontrolled term წიგნი ყველასთვის და არავისთვის
700 ## - ADDED ENTRY--PERSONAL NAME
Personal name ტატიშვილი, ელენე
Relator term მთარგმნელი
9 (RLIN) 12717
942 ## - ADDED ENTRY ELEMENTS (KOHA)
Koha item type წიგნი
Source of classification or shelving scheme
ეგზემპლარები
ჩამოწერის სტატუსი დაკარგული ეგზემპლარის სტატუსი კლასიფიკაციის წყარო ან თაროზე გაწყობის სქემა დაზიანების სტატუსი არ გაიცემა მუდმივი მდებარეობა (დაცვის ადგილი) ამჟამინდელი ადგილსამყოფელი თაროზე განთავსების ადგილი შეძენის თარიღი ღირებულება, შესყიდვის ნორმალური ფასი სრული შენახვის შიფრი შტრიხკოდი ბოლო ოპერაციის თარიღი ეგზემპლარის მიმდევრობითი ნომერი (კეტერი?) ფასის ძალაში შესვლის თარიღი ეგზემპლარის სახეობა საჯარო შენიშვნა
          ბათუმის შოთა რუსთაველის სახელმწიფო უნივერსიტეტის მთავარი ბიბლიოთეკა ბათუმის შოთა რუსთაველის სახელმწიფო უნივერსიტეტის მთავარი ბიბლიოთეკა წიგნსაცავი 2018-12-17 10.00 1(430) ნ–75 27809 2018-12-17 27809 2018-12-17 წიგნი 10 ლ.